| 000 | 00577nam a2200181 a 4500 | ||
|---|---|---|---|
| 005 | 20240902063643.0 | ||
| 008 | 150805s2002 mx r 000 0 spa d | ||
| 035 | _aUPN01000204875 | ||
| 049 | _aF | ||
| 050 | 4 |
_aLB1027 _bD5.24 |
|
| 245 | 0 | 3 |
_aDia : _bdesarrollo de inteligencias a través del arte : un nuevo modelo de enseñanza-aprendizaje : guía de apoyo para el facilitador. |
| 260 |
_aMéxico : _bILCE : _bUPN, _c2002. |
||
| 300 | _a30 p. | ||
| 650 | 4 |
_aInnovaciones educativas _9386 |
|
| 650 | 2 |
_aDesarrollo intelectual _99159 |
|
| 905 | _aLibro | ||
| 999 |
_c176976 _d176976 |
||